00598cam a22001937a 4500003000500000005001700005008004100022010001000063011001000073035001000083040000900093100002800102245010400130260007600234300001900310650001100329700003000340700003400370CHAP20220329142326.0000628d1998 mx a r 00110 spa d a81744 a82716 a93218 cCHAP00aVázquez, Luis Miguel.13aEl lirio aztecac/por Luis Miguel Vázquez, Thomas H. Norman Mondragón y M. del Carmen Corona R. aToluca, Méx. :bUniversidad Autónoma del Estado de México,c1998. a26 p. :bilus.14aLirio.0 aCorona R., M. del Carmen.0 aNorman Mondragón, Thomas H.